[Event "GER-chT1 SchulSchach email"]
[Site "GER email"]
[Date "2008.06.04"]
[Round "?"]
[White "Josuhn, Fabian"]
[Black "Redemann, Julian"]
[Result "1-0"]
[WhiteElo "2000"]
[BlackElo "2000"]
[PlyCount "73"]
[EventDate "2008.??.??"]
[EventType "tourn (corr)"]
[EventRounds "6"]
[EventCountry "GER"]
[SourceTitle "Corr 2011"]
[Source "ChessBase"]
[SourceDate "2010.08.31"]
[SourceVersion "1"]
[SourceVersionDate "2010.08.31"]
[SourceQuality "1"]

1. d4 Nf6 2. Nf3 d5 3. Bg5 Ne4 4. Bf4 e6 5. e3 Bd6 6. Bxd6 Qxd6 7. Bd3 0-0 8. 0-0 Nc6 9. c4 Bd7 10. Nc3 Nxc3 11. bxc3 Rab8 12. Rb1 b6 13. h3 Rbd8 14. Qc2 g6 15. Rfe1 Rfe8 16. Nd2 Kg7 17. cxd5 exd5 18. e4 dxe4 19. Nxe4 Qf4 20. g3 Qf5 21. h4 Qa5 22. Nd2 Rxe1+ 23. Rxe1 Be6 24. a4 Qd5 25. Qc1 Bd7 26. Nc4 Qf3 27. Be2 Qf6 28. h5 h6 29. hxg6 fxg6 30. Bd3 Bf5 31. Qe3 Rd7 32. Qf3 Bxd3 33. Qxd3 Re7 34. Rxe7+ Qxe7 35. d5 Ne5 36. Qd4 a6 37. f4 1-0